Las claves de la argumentación
Shranjeno v:
| Glavni avtor: | |
|---|---|
| Format: | Knjiga |
| Jezik: | španščina |
| Izdano: |
Barcelona
Ariel
1998
|
| Serija: | Coleeción Ariel, 115
|
| Teme: | |
| Oznake: |
Označite
Brez oznak, prvi označite!
|
MARC
| LEADER | 00000nam a2200000 a 4500 | ||
|---|---|---|---|
| 001 | UCP1973 | ||
| 003 | CL-VaPUC | ||
| 008 | 990430e19980000SP |||||||||||||||||spa|d | ||
| 082 | 0 | 4 | |a 808.066 |b WES |2 21 |
| 100 | 0 | |a Weston, Anthony |e author |9 428343 | |
| 245 | 1 | 4 | |a Las claves de la argumentación |
| 300 | |a 156 p | ||
| 942 | |c BK | ||
| 945 | |d 19990430 00:00:00 |a rbrito | ||
| 260 | |a Barcelona |b Ariel |c 1998 | ||
| 650 | 0 | |a Redacción |9 320524 | |
| 650 | 7 | |a EJERCICIO DE REDACCION |2 CL-VaPUC |9 428344 | |
| 650 | 0 | |a Crítica literaria |9 269189 | |
| 650 | 0 | |a Ensayos |9 268724 | |
| 583 | |a last modification |c 19990430 00:00:00 |k Rodrigo Vera | ||
| 490 | 0 | |a Coleeción Ariel, 115 | |
| 999 | |c 280588 |d 280586 | ||
| 952 | |0 0 |1 0 |4 0 |6 808_066000000000000_WES_1998 |7 0 |8 A |9 320952 |a FDOPOS |b FDOPOS |d 2019-11-20 |i 3521249 |o 808.066 WES 1998 |p 3521249 |r 2025-01-22 |w 2019-11-20 |y BK |k MLA | ||